00235nam a2200085Ia 4500008004100000100002300041245003400064260004200098260000900140170620s9999 xx 000 0 und d aBasha- S. A. Salim 0aMethods of Teaching Geography bNew Delhi- Discovery Publishing House c2004